VSTUPNÉ PARAMETRE PRE SIMULÁCIU KALENIA V SOFTVÉRI SYSWELD

Bibliographic Details
Main Authors: Brezničan, Martin (Author), Fabian, Peter, 1965- (Author)
Format: Article
Language:Slovak

MARC

LEADER 00000nab a2200000 a 4500
001 vtls011119404
003 SK-MaSNL
005 20260303145425.0
008 230222|2011 xo |||||||||||||||||slo|
015 |a SNBRB 
035 |a (uuid)5b8888d5-a28e-4487-8f2b-0a86d78e2f4f 
035 |a (urnnbn)urn:nbn:sk:snk:ar-a08og2 
035 |a urn:nbn:sk:snk-ab9q1o 
040 |a SNKBUCL  |b slo  |c SNKBUCL  |e AACR2 
041 0 |a slo 
044 |a xo  |c SK 
100 1 |a Brezničan, Martin  |4 aut  |9 1167952 
245 1 0 |a VSTUPNÉ PARAMETRE PRE SIMULÁCIU KALENIA V SOFTVÉRI SYSWELD  |c Martin Brezničan, Peter Fabian 
246 3 |a THE INPUT PARAMETERS FOR QUENCHING SIMULATION IN SYSWELD SOFTWARE 
700 1 |a Fabian, Peter,  |d 1965-  |4 aut  |9 172361 
773 0 |t Technológ : časopis pre teóriu a prax mechanických technológií  |g Roč. 3, č. Mimoriadne číslo (2011), s. 215-220 
954 |a odborná, vedecká literatúra pôvodná (slovenská)  |2 lita 
958 |a OND 
958 |a EUIPO 
958 |a article13 
999 |c 2002806  |d 2004736